|
|
|
|
| LEADER |
00000nam a2200000 a 4500 |
| 001 |
vtls010534568 |
| 003 |
SK-MaSNL |
| 005 |
20260301214724.0 |
| 008 |
240314s2004 bu o f 000 0 eng |
| 020 |
|
|
|a 9549308138
|q (brož.)
|
| 040 |
|
|
|a SNK
|b slo
|c SNK
|e AACR2
|
| 041 |
1 |
|
|a eng
|h bul
|
| 043 |
|
|
|a e-bu---
|
| 044 |
|
|
|a bu
|c BG
|
| 072 |
|
7 |
|a 398
|x Folklór
|2 konspekt
|
| 080 |
|
|
|a 2-562/-567
|2 2001
|
| 080 |
|
|
|a 398.33
|2 2001
|
| 080 |
|
|
|a 39
|2 2001
|
| 080 |
|
|
|a 398.3
|2 2001
|
| 080 |
|
|
|a 392/394
|2 2001
|
| 080 |
|
|
|a 398.21
|2 2001
|
| 080 |
|
|
|a (497.2)
|2 2001
|
| 080 |
|
|
|a (0.062)
|2 2001
|
| 080 |
|
|
|a (048.8)
|2 2001
|
| 080 |
|
|
|a 398.1
|2 2001
|
| 100 |
1 |
|
|a Nikov, Nikolaj Todorov,
|d 1953-
|4 aut
|9 603524
|
| 245 |
1 |
0 |
|a Holidays of the Bulgarians in Myths and Legends
|c Nikolay Nikov ; [translated by Maya Pencheva]
|
| 250 |
|
|
|a 2nd revised ed.
|
| 260 |
|
|
|a Sofia
|b Bulgarian Bestseller
|b National Museum of Bulgarian Books and Polygraphy
|c 2004
|
| 300 |
|
|
|a 93 s.
|b fareb. fotogr.
|c 27 cm
|
| 650 |
0 |
7 |
|a sviatky
|2 SNKPH
|9 740
|
| 650 |
0 |
7 |
|a ľudové tradície
|2 SNKPH
|9 4960
|
| 650 |
0 |
7 |
|a zvyky a obyčaje
|2 SNKPH
|9 4086
|
| 650 |
0 |
7 |
|a ľudové zvyky
|2 SNKPH
|9 66558
|
| 650 |
0 |
7 |
|a rituály a obrady
|2 SNKPH
|9 69610
|
| 650 |
0 |
7 |
|a povesti
|2 SNKPH
|9 30120
|
| 650 |
0 |
7 |
|a Feasts
|2 SNKPHeng
|9 358180
|
| 650 |
0 |
7 |
|a Folk traditions
|2 SNKPHeng
|9 313265
|
| 650 |
0 |
7 |
|a Manners and customs
|2 SNKPHeng
|9 312766
|
| 650 |
0 |
7 |
|a Folk customs
|2 SNKPHeng
|9 290915
|
| 650 |
0 |
7 |
|a Rites and ceremonies
|2 SNKPHeng
|9 294917
|
| 650 |
0 |
7 |
|a Legends
|2 SNKPHeng
|9 335012
|
| 651 |
|
7 |
|a Bulgaria
|2 SNKPHeng
|9 266332
|
| 651 |
|
7 |
|a Bulharsko
|2 SNKPH
|9 20172
|
| 655 |
|
7 |
|a populárno-náučné publikácie
|2 SNKPH
|9 70460
|
| 655 |
|
7 |
|a prehľady
|2 SNKPH
|9 70194
|
| 655 |
|
7 |
|a Popular works
|2 SNKPHeng
|9 90287
|
| 655 |
|
7 |
|a Surveys
|2 SNKPHeng
|9 266058
|
| 700 |
1 |
|
|a Penceva, Maja Stefanova,
|d 1947-
|4 trl
|9 603525
|
| 919 |
|
|
|a 954-9308-13-8
|
| 999 |
|
|
|c 925713
|d 927643
|
| 952 |
|
|
|a SNK
|b SNK
|y VYP
|7 0
|p 17A1083015
|o snkIB 72744
|i snk2013/21362
|8 2
|g 18.00
|0 0
|1 0
|4 0
|d 2013-08-13
|l 0
|r 2026-02-24 08:31:05
|w 2026-02-24
|